| 000 | 00336nam a2200097Ia 4500 | ||
|---|---|---|---|
| 008 | 180205s9999 xx 000 0 und d | ||
| 100 | _aAlbert, Jose Ramon G. | ||
| 245 |
_aTeaching guide for senior high school statistics and probability : _bcore subject |
||
| 260 |
_aQuezon City _bCommision on higher education _c2016 |
||
| 300 | _a422 pages | ||
| 999 |
_c354938 _d354938 |
||